[Event "Ruhrgebiet VK2 0910"]
[Site "Ruhrgebiet"]
[Date "2010.01.31"]
[Round "6.8"]
[White "Blank, Stephan"]
[Black "Beyer, Heinz"]
[Result "0-1"]
[WhiteElo "1787"]
[BlackElo "1622"]
[PlyCount "126"]
[EventDate "2009.09.06"]
[EventType "team"]
[EventRounds "9"]
[EventCountry "GER"]
[SourceTitle "EXT 2011"]
[Source "ChessBase"]
[SourceDate "2010.11.26"]
[SourceVersion "1"]
[SourceVersionDate "2010.11.26"]
[SourceQuality "1"]
[WhiteTeam "Essen Werden"]
[BlackTeam "Germania Kupferdreh"]
[WhiteTeamCountry "GER"]
[BlackTeamCountry "GER"]

1. e4 e5 2. Nc3 d6 3. f4 exf4 4. Nf3 Be7 5. Bc4 Nd7 6. d4 Nb6 7. Bb3 g5 8. 0-0 h5 9. h4 f6 10. Qd3 Bg4 11. hxg5 fxg5 12. e5 Kd7 13. d5 Nh6 14. e6+ Kc8 15. Nd4 Qf8 16. a4 a5 17. Ncb5 Nf5 18. Qc3 Qd8 19. Nxf5 Bxf5 20. Be3 Bf6 21. Bd4 Bxd4+ 22. Qxd4 Bg4 23. Rae1 Re8 24. Qc3 Kb8 25. Re4 Bf5 26. Ree1 Bg4 27. Qg7 Qe7 28. Qd4 Nc8 29. Qc3 Qd8 30. Re4 Ne7 31. Qd2 Nf5 32. Rc4 Re7 33. Rc3 Ng3 34. Rxg3 fxg3 35. Qxg5 Re8 36. Qe3 Rf8 37. Rxf8 Qxf8 38. Qxg3 Qf6 39. c4 b6 40. Qe3 Kb7 41. Qf2 Qxf2+ 42. Kxf2 Rf8+ 43. Ke1 Rf5 44. Bd1 Re5+ 45. Kd2 Bxd1 46. Kxd1 Kc8 47. Na7+ Kb7 48. Nc6 Re4 49. b3 Re3 50. Kd2 Rg3 51. Ke2 Rxg2+ 52. Kf3 Rg8 53. Kf4 h4 54. Ne7 Rg1 55. Nf5 h3 56. e7 Rg8 57. Nh6 Re8 58. Ng4 Rxe7 59. Kg3 Rh7 60. Kh2 Rh4 61. Nf2 Rf4 62. Kg3 Rd4 63. Kxh3 Rd2 0-1